Normal view
MARC view
- تأليف الارياني،علي بن عبدالله 1323هجري - 1905 ميلادي ؛ دراية وتحقيق محمد عيسى صالحية
Entry Personal Name
001 - CONTROL NUMBER
- control field: 58343
003 - CONTROL NUMBER IDENTIFIER
- control field: JO-AjAnu
005 - DATE AND TIME OF LATEST TRANSACTION
- control field: 20230606083540.0
008 - FIXED-LENGTH DATA ELEMENTS
- fixed length control field: 230606|| aca||aabn | a|a d
040 ## - CATALOGING SOURCE
- Original cataloging agency: JO-AjAnu
- Transcribing agency: JO-AjAnu
100 ## - HEADING--PERSONAL NAME
- Personal name: تأليف الارياني،علي بن عبدالله 1323هجري - 1905 ميلادي ؛ دراية وتحقيق محمد عيسى صالحية
670 ## - SOURCE DATA FOUND
- Source citation: Work cat.: (JO-AjAnu)29763: تأليف الارياني،علي بن عبدالله 1323هجري - 1905 ميلادي ؛ دراية وتحقيق محمد عيسى صالحية , author, سيرة الامام محمد بن يحيى حميد الدين المسماة بالدرر المنثور في سيرة الامام المنصور،ج2